The bloc that failed : (Record no. 23405)

MARC details
000 -LEADER
campo de control de longitud fija 00560nam a2200193 4500
001 - NÚMERO DE CONTROL
campo de control 12245
005 - FECHA Y HORA DE LA ÚLTIMA TRANSACCIÓN
campo de control 20230410103646.0
008 - DATOS DE LONGITUD FIJA--INFORMACIÓN GENERAL
campo de control de longitud fija 060907n1990 dr spa
020 ## - NÚMERO INTERNACIONAL ESTÁNDAR DEL LIBRO
Número Internacional Estándar del Libro 0253325315
035 ## - NÚMERO DE CONTROL DEL SISTEMA
-- funglode12341
041 ## - CÓDIGO DE IDIOMA
Código de lengua del texto/banda sonora o título independiente EN
050 14 - SIGNATURA TOPOGRÁFICA DE LA BIBLIOTECA DEL CONGRESO
Número de clasificación 300 DJK 45 G261b 1990
100 ## - ENTRADA PRINCIPAL--NOMBRE DE PERSONA
Nombre de persona Gati, Charles
245 14 - MENCIÓN DEL TÍTULO
Título The bloc that failed :
Resto del título Soviet-East european relations in transition /
Mención de responsabilidad, etc. Charles Gati
260 ## - PUBLICACIÓN, DISTRIBUCIÓN, ETC.
Lugar de publicación, distribución, etc. Bloomington :
Nombre del editor, distribuidor, etc. Indiana University Press,
Fecha de publicación, distribución, etc. 1990
300 ## - DESCRIPCIÓN FÍSICA
Extensión xiv, 226 p.
440 ## - MENCIÓN DE SERIE/PUNTO DE ACCESO ADICIONAL--TÍTULO
Título Midland book ;
Designación de volumen o secuencia MB 561
942 ## - ELEMENTOS DE ENTRADA SECUNDARIOS (KOHA)
Fuente del sistema de clasificación o colocación Clasificación de Library of Congress
Tipo de ítem Koha
Holdings
Estatus retirado Estado de pérdida Fuente del sistema de clasificación o colocación Estado de daño No para préstamo Colección Biblioteca de origen Biblioteca actual Ubicación en estantería Fecha de adquisición Serial enumeration / chronology Signatura topográfica completa Código de barras Visto por última vez Tipo de ítem Koha
    Clasificación de Library of Congress     Recursos Regionales Biblioteca Juan Bosch Biblioteca Juan Bosch Recursos Regionales (2do. Piso) 23/10/2018 1 300 DJK 45 G261b 1990 00000010157 23/10/2018